Conferencia en Lima: realidad y ficción en la literatura de Bayly
Guardado en:
| Autor principal: | |
|---|---|
| Formato: | Libro |
| Lenguaje: | español |
| Publicado: |
Lima
Universidad Peruana de Ciencias Aplicadas
2000
|
| Materias: | |
| Etiquetas: |
Agregar Etiqueta
Sin Etiquetas, Sea el primero en etiquetar este registro!
|
MARC
| LEADER | 00000nam a2200000 a 4500 | ||
|---|---|---|---|
| 001 | UCN6926 | ||
| 003 | CL-VaPUC | ||
| 005 | 20200123182742.0 | ||
| 008 | 011005e20000000pe 1 spa d | ||
| 082 | 0 | 4 | |a Pe860.9 |b BAY |2 21 |
| 100 | 1 | |a Bayly, Jaime |e author |9 620005 | |
| 245 | 1 | 0 | |a Conferencia en Lima: realidad y ficción en la literatura de Bayly |
| 260 | |a Lima |b Universidad Peruana de Ciencias Aplicadas |c 2000 | ||
| 300 | |a 68 p | ||
| 583 | |a last modification |c 20190821 11:53:21 |k Rodrigo Vera | ||
| 650 | 0 | 7 | |a LITERATURA PERUANA - SIGLO 20 |2 CL-VaPUC |9 495315 |
| 650 | 0 | 7 | |a LITERATURA PERUANA - CRITICA E INTERPRETACION |2 CL-VaPUC |9 459849 |
| 942 | |c BK | ||
| 945 | |a crobeson |d 20011005 00:00:00 | ||
| 546 | |a En Español | ||
| 536 | |a Universidad Peruana de Ciencias Aplicadas | ||
| 518 | |p Realidad y Ficción en la Literatura de Bayly, 1, Lima, 5 de octubre de 2000 | ||
| 999 | |c 383708 |d 383706 | ||
| 952 | |0 0 |1 0 |4 0 |6 PE_860_900000000000000_BAY_2000 |7 0 |8 A |9 505931 |a BIBEDU |b BIBEDU |d 2020-01-23 |i 3748650 |o Pe860.9 BAY 2000 |p 3748650 |r 2020-01-23 |w 2020-01-23 |y BK |k LIT | ||